| 000 | 00000nam##2200000za#4500 |
| 001 | 9.635813 |
| 003 | CaOODSP |
| 005 | 20210624220432 |
| 007 | cr ||||||||||| |
| 008 | 150407|2008||||xxc|||||o f|0| 0 fre|d |
| 020 | |a978-0-662-73478-9 |
| 040 | |aCaOODSP|bfre |
| 043 | |an-cn--- |
| 086 | 1 |aEn4-97/2008F-PDF |
| 110 | 1 |aCanada. |bEnvironnement Canada. |
| 245 | 10|aPlan d'action du bassin de Georgia - mise à jour quinquennale 2003-2008 |h[ressource électronique] |
| 260 | |aVancouver - Colombie Britannique : |bEnvironnement Canada |cc2008. |
| 300 | |a32p.|bfigure, graphiques, carte, photographies |
| 590 | |a09-40|b2009-10-02 |
| 691 | 07|aDéveloppement durable|2gcpds |
| 691 | 07|aProtection de l'environnement|2gcpds |
| 775 | 08|tGeorgia Basin Action Plan - five-year update, 2003–2008 |w(CaOODSP)9.691485 |
| 856 | 40|ahttp://publications.gc.ca|qPDF|s5268 Ko|uhttps://publications.gc.ca/collections/collection_2009/ec/En4-97-2008F.pdf |